ISRN zoology

"ISRN Zoology is a peer-reviewed, open access journal that publishes original research articles as well as review articles in all areas of zoology."

Detalles Bibliográficos
Autor Corporativo: Hindawi Publishing Corporation
Formato: Electrónico Revista
Lenguaje:inglés
Publicado: Cairo ; New York : Hindawi Pub. Corp., 2011-
Materias:
Acceso en línea:Full text available from Research Library: 01/01/2011 to 01/31/2014

MARC

LEADER 00000nas a2200000 a 4500
001 ssj0000605612
003 WaSeSS
005 20200512172242.0
006 m d
007 cr n
008 110721c20119999ua ar p s 0 0eng c
010 |a  2012242204 
016 7 |a 019332927  |2 Uk 
022 |a 2090-5238  |l 2090-522X 
035 |a (WaSeSS)ssj0000605612 
040 |a YAM  |b eng  |c YAM  |d OCLCQ  |d MYG  |d OCLCQ  |d CUS  |d OCLCF  |d OCLCO  |d OCLCQ  |d HUL  |d OCLCQ  |d CASUM  |d OCLCO  |d WY@  |d U3W  |d CRU  |d WYU  |d VT2  |d OCLCO  |d UKMGB  |d WaSeSS 
042 |a pcc 
050 4 |a QL1 
210 0 |a ISRN zool. 
222 0 |a ISRN Zoology  |b (Online) 
245 0 0 |a ISRN zoology  |h [electronic resource]. 
246 3 0 |a Zoology 
260 |a Cairo ;  |a New York :  |b Hindawi Pub. Corp.,  |c 2011- 
362 1 |a Began with 2011. 
506 |a License restrictions may limit access. 
520 |a "ISRN Zoology is a peer-reviewed, open access journal that publishes original research articles as well as review articles in all areas of zoology." 
538 |a Mode of access: World Wide Web. 
588 |a Description based on: 2011; title from journal website (viewed Dec. 21, 2012). 
588 |a Latest issue consulted: 2012. 
650 0 |a Zoology  |v Periodicals. 
650 0 |a Animals  |v Periodicals. 
650 1 2 |a Zoology. 
650 7 |a Animals.  |2 fast  |0 (OCoLC)fst00809468 
650 7 |a Zoology.  |2 fast  |0 (OCoLC)fst01184696 
655 0 |a Electronic journals. 
710 2 |a Hindawi Publishing Corporation. 
776 0 8 |i Print version:  |t ISRN zoology  |x 2090-522X 
856 4 0 |z Full text available from Research Library: 01/01/2011 to 01/31/2014  |u https://search.proquest.com/publication/686319